Normal view MARC view

Entry Nombre personal

Number of records used in: 1

001 - NÚMERO DE CONTROL

  • campo de control: 25129

003 - IDENTIFICADOR DE NÚMERO DE CONTROL

  • campo de control: BP

005 - FECHA Y HORA DE LA ÚLTIMA TRANSACCIÓN

  • campo de control: 20220712120252.0

008 - ELEMENTOS DE DATO DE LONGITUD-FIJA

  • campo de control de longitud fija: 220712|| aca||aabn | a|a d

040 ## - FUENTE DE CATALOGACIÓN

  • Centro catalogador/agencia de origen: BP
  • Centro/agencia transcriptor: BP

100 ## - ENCABEZAMIENTO-NOMBRE DE PERSONA

  • Nombre de persona: García, César Reinaldo

670 ## - FUENTE DE DATOS ENCONTRADOS

  • Cita de la fuente: Work cat.: (BP)21055: García, César Reinaldo , Historia de los grupos y partidos políticos de la República Argentina desde 1810 a 1983, 1983